MDQL
is popping MORE tags! Check the
thread
!
Quizzes
Events
Quiz Creation
Community
Videos
Private Events
Remove Ads
Sign In
Join for FREE
Feedback
Dark Mode
Quiz Categories
Sports
Geography
Music
Movies
Television
Just For Fun
Miscellaneous
History
Literature
Language
Science
Gaming
Entertainment
Religion
Holiday
For Kids
Quiz Lab
Recent
Popular Today
Quiz Kudos Today
Editor Picks
Curator Picks
Quizzes by...
Day
Popularity
Type
Ratings
Length
Year
Community
Subscriptions
Recent Discussions
Orange Saloon
Badges
Playlists
Quests
Create
Leaderboards
Showdown
Live 5
Trivia Bingo
Activity
Puzzle Library
Sporcle Events
Private Events
Virtual Trivia
Globe League
Become a Host
Pub Owners
SporcleCon
Opinionation
Our Games
Videos
Blog
Mobile Apps
Partnerships
Remove Ads and Go Orange
Feedback
Sports
Athletes
MLB
NBA
NHL
NFL
Soccer
Sports Teams
WWE
NCAA
Football
Premier League
Basketball
Baseball
Hockey
Golf
Tennis
Cricket
Rugby
Auto Racing
Olympics
World Cup
Sports
Athletes
MLB
NBA
NHL
NFL
Soccer
Sports Teams
WWE
NCAA
Football
Premier League
Basketball
Baseball
Hockey
Golf
Tennis
Cricket
Rugby
Auto Racing
Olympics
World Cup
Random Quiz
Search Sporcle
×
Quiz Lab
Quiz Lab
Sports
NFL
Type in answers that appear in a list
Type in answers that appear in a list
Classic
Best Score? Go Orange.
2010 NFL Rushing Leaders For Each Team Stats
Can you name the 2010 NFL Rushing Leaders For Each Team?
By
moscowbear
3m
32 Questions
279 Plays
279 Plays
279 Plays
Comments
Comments
Give Quiz Kudos
Give Quiz Kudos
-
- Ratings
hide this ad
Replay
Link that replays current quiz
Next Quiz
Link to next quiz in quiz playlist
You Got
0%
They Got
Avg Score
88%
Avg Friend Score
Upgrade to see
Score Distribution
Jump to the score distribution portion of the page
Score
0/32
Timer
03:00
0
Plays Today
Team
Runningbacks
% Correct
Vikings
Adrian Peterson
98.9%
Titans
Chris Johnson
98.6%
Rams
Steven Jackson
98.2%
Texans
Arian Foster
97.5%
Falcons
Michael Turner
97.1%
Bills
Fred Jackson
97.1%
Packers
Brandon Jackson
96.8%
Ravens
Ray Rice
96.1%
Cowboys
Felix Jones
96.1%
Chiefs
Jamal Charles
95%
Bears
Matt Forte
93.9%
Steelers
Rashard Mendenhall
93.5%
Eagles
LeSean McCoy
93.2%
Giants
Ahmad Bradshaw
92.8%
Browns
Peyton Hillis
92.5%
Raiders
Darren McFadden
92.5%
Team
Runningbacks
% Correct
49ers
Frank Gore
92.1%
Bengals
Cedric Benson
91.4%
Jaguars
Maurice Jones Drew
91%
Jets
LaDainian Tomlinson
91%
Patriots
BenJarvus Green-Ellis
88.5%
Dolphins
Ronnie Brown
86.4%
Colts
Donald Brown
86.4%
Buccaneers
LeGarret Blount
83.5%
Panthers
Jonathan Stewart
82.8%
Seahawks
Marshawn Lynch
82.1%
Broncos
Knowshon Moreno
80.6%
Cardinals
Tim Hightower
78.5%
Lions
Jahvid Best
76.3%
Saints
Chris Ivory
70.3%
Redskins
Ryan Torain
64.5%
Chargers
Mike Tolbert
64.5%
Quiz Playlist
Details
Report
Send in Message
Add To Playlist
Classic:
Type in answers that appear in a list
Last Updated: Feb 16, 2017
Quiz Scoreboard
CHALLENGE
Sign Up to Join the Scoreboard
Show All
Scores
Hide
Comments
May contain spoilers
Recently Published
Holiday 10x10 Sorting Gallery
by lukepisani3
Holiday
15m
Two Season TV Shows II
by 123Four
Television
10m
Image Sorting: Flags VI
by Barbecue
Geography
2m
More to Explore
Quiz From the Vault
Featured Blog Post
14 Easter Pick-up Lines to Find Eggs With
hide this ad
You Might Also Like...
Tags
NFL Quiz
2010
Running Backs
Rushing
team
Yard
Today's Top Quizzes in Sports
Browse Sports
hide this ad
Today's Top Quizzes in NFL
Browse NFL
Top Contributed Quizzes in Sports
1
Les meilleurs buteurs des matchs entre le PSG et l’OM
2
Les entraîneurs de l'OM et du PSG au 21e siècle
3
2022 World Cup Stars
4
Players with Multiple 50 Home Run Seasons
5
Les joueurs passés par le PSG et l'OM
6
FIFA Club World Cup Champions
7
Top 10 NHL Goal Scorers of All Time
8
Criteria MLB: Left Handed Sluggers
9
Les joueurs passés par le LOSC et le RC Lens
10
2023 MLB Unique Player Accomplishments
Explore More
Trending Topics
Crossword
Kpop
Anime
Marvel
NBA
Harry Potter
Disney
Puzzle
Pokémon
The Office
Song
NFL
Soccer
Country
WWE
hide this ad
More By:
moscowbear
Quiz
Plays
Rating
Category
Featured
Created
Dark Souls 2 Bosses
7,537
4.59
Gaming
Mar 24, 2014
Sporcle 10 Most Common
302
2.00
Just For Fun
May 10, 2010
2010 NFL Rushing Leaders For Each Team
279
4.25
Sports
Jan 19, 2011
Nazi Zombies Weapons
273
1.00
Gaming
May 8, 2010
NFL Leading Receivers For Each Team
264
4.00
Sports
Jan 19, 2011
Go to Creator's Profile
Score Distribution
Quiz Creator Spotlight
moscowbear
Follow
Send a Message
Quizzes Created
-
Created Quiz Play Count
-
More By This Creator
Popular Quizzes Today
1
Find the US States - No Outlines Minefield
2
Colored Red Africa Blitz
3
Find the 'City' Movie
4
The Countries of the World
5
Find the US States
6
5x2 Blitz: Bands
7
Find the Countries of Europe - No Outlines Minefield
8
US States
More Sports Quizzes
Super Bowl Winner by Logo
Published
Trending Quizzes
Colored Red Europe Blitz I
Colored Red Europe Blitz II
Colored Red Africa Blitz II
Colored Red Africa Blitz III
Colored Red Europe Blitz III
Recently Updated
Odd Team Out - Big 4 Players
pecheneg
Quick Pick: 20 Twenties
pecheneg
March Madness Men's Triple Doubles
pecheneg
How Do You Spell That?
pecheneg
Godzilla Movies
pecheneg
Grab Bag: 4-10 Letters
pecheneg
2024 March Madness Bracket
pecheneg
Famous TV Couples
Peacemaker
Champions League XIs: Real Madrid
pecheneg
Largest US Cities 1790-2010
pecheneg
Trending Topics
Disney
Anime
NBA
Marvel
Harry Potter
Kpop
Crossword
Song
The Office
Puzzle
NFL
WWE
Country
Soccer
Pokémon
Your Account Isn't Verified!
In order to create a playlist on Sporcle, you need to verify the email address you used during registration. Go to your
Sporcle Settings
to finish the process.
Report this User
Report this user for behavior that violates our
Community Guidelines
.
Details:
Send Report
Go to the Sporcle.com Mobile Site →
Comments